The Seven Churches of Revelation - Statistics

General Stats
  • This quiz has been taken 11 times
  • The average score is 3 of 7
Answer Stats
Answer % Correct
Ephesus
100%
Philadelphia
56%
Smyrna
56%
Laodicea
33%
Sardis
22%
Pergamos
11%
Thyatira
11%
No matching quizzes found
Score Distribution
Percent of People with Each Score
Percentile by Number Answered
Your Score History
You have not taken this quiz